Paintings of the lotus sutra
Furkejuvvon:
| Váldodahkki: | |
|---|---|
| Materiálatiipa: | Girji |
| Giella: | eaŋgalasgiella |
| Almmustuhtton: |
Nueva York
John Weatherhill
1988
|
| Fáttát: | |
| Fáddágilkorat: |
Lasit fáddágilkoriid
Eai fáddágilkorat, Lasit vuosttaš fáddágilkora!
|
MARC
| LEADER | 00000nam a2200000 a 4500 | ||
|---|---|---|---|
| 001 | UCS8960 | ||
| 003 | CL-VaPUC | ||
| 008 | 971113e19880000US |||||||||||||||||eng|d | ||
| 082 | 0 | 4 | |a 745.6 |b TAN |2 21 |
| 100 | 0 | |a Tanabe, Willa J |e author |9 393719 | |
| 245 | 1 | 0 | |a Paintings of the lotus sutra |
| 300 | |a 318 p | ||
| 942 | |c BK | ||
| 945 | |d 19971113 00:00:00 |a jquezada | ||
| 260 | |a Nueva York |b John Weatherhill |c 1988 | ||
| 600 | 0 | 7 | |a LOTUS SUTRA |2 CL-VaPUC |9 393720 |
| 650 | 0 | |a Arte |9 265238 | |
| 650 | 0 | |a Pintura japonesa |9 367915 | |
| 650 | 0 | |a Arte japonés |9 268878 | |
| 650 | 0 | |a Dibujos |9 264123 | |
| 651 | 0 | |a Japón |9 260391 | |
| 583 | |a last modification |c 19971113 00:00:00 |k Rodrigo Vera | ||
| 999 | |c 263043 |d 263041 | ||
| 952 | |0 0 |1 0 |4 0 |6 745_600000000000000_TAN_1988 |7 0 |8 A |9 292124 |a BIBGIM |b BIBGIM |d 2019-11-19 |i 3364194 |o 745.6 TAN 1988 |p 3364194 |r 2025-01-15 |w 2019-11-19 |y BK |k ORI | ||